| 000 | 00810cas a2200241u| 4500 | ||
|---|---|---|---|
| 001 | 8173 | ||
| 003 | BD-RjUL | ||
| 005 | 20211208234534.0 | ||
| 008 | 140118r19511950enk |||||||||||| ||eng| | ||
| 035 | _a(BD-RjUL) | ||
| 040 |
_aDLC _cCarP _dDLC _beng |
||
| 041 | _aeng | ||
| 082 |
_212 _a378.34 _bJOC 1948-1951 |
||
| 100 | 1 |
_aJopson, Keith R. _qR. Keith Jopson _925458 |
|
| 110 | 1 |
_aGreat Britain. _bCommercial Relations and Exports Department [from old catalog] _9133650 |
|
| 245 | 1 | 0 |
_aCanada : _beconomic and commercial conditions in Canada / _cR. Keith Jopson |
| 260 |
_aLondon : _bH. M. Stationery Off., _c1948 |
||
| 300 |
_a166 p. ; _c25 cm. |
||
| 651 | 0 |
_aCanada _xEconomic conditions _y1918-1945. _98866 |
|
| 651 | 0 |
_aCanada _xCommerce. [from old catalog] _98867 |
|
| 942 |
_2ddc _cBK |
||
| 999 |
_c8173 _d8173 |
||